|
|
|
|
| LEADER |
01424nam a22003614a 4500 |
| 001 |
34658 |
| 003 |
BD-DhAAL |
| 005 |
20211118125742.0 |
| 008 |
190516r20182000enka b 001 0 eng |
| 999 |
|
|
|c 40646
|d 40646
|
| 010 |
|
|
|a 00025173
|
| 020 |
|
|
|a 0750635851
|
| 020 |
|
|
|a 9781138049543
|
| 040 |
|
|
|a DLC
|c DLC
|d DLC
|d BD-DhAAL
|
| 042 |
|
|
|a pcc
|
| 043 |
|
|
|a e-uk---
|
| 050 |
0 |
0 |
|a LB3219.G7
|b D83 2000
|
| 082 |
0 |
0 |
|a 727.0941
|2 21
|
| 100 |
1 |
|
|a Dudek, Mark.
|9 31636
|
| 245 |
1 |
0 |
|a Architecture of schools :
|b the new learning environments /
|c Mark Dudek.
|
| 246 |
|
|
|a Architecture of schools
|
| 250 |
|
|
|a First edition
|
| 260 |
|
|
|a Oxford ;
|a Boston :
|b Architectural Press;
|b Routledge,
|c c2000 [Reprint 2018]
|
| 300 |
|
|
|a xvi, 238 pages :
|b illustrations (some color) ;
|c 28 cm.
|
| 504 |
|
|
|a Includes bibliographical references and index.
|
| 526 |
|
|
|a ARC
|
| 541 |
|
|
|a Hye Trade International
|e 34686
|
| 650 |
|
0 |
|a School buildings
|z Great Britain
|v Case studies.
|9 31637
|
| 650 |
|
0 |
|a Schools
|z Great Britain
|x Sociological aspects
|v Case studies.
|9 31638
|
| 650 |
|
0 |
|a Architecture
|9 42814
|
| 852 |
|
|
|a Ayesha Abed Library
|c General Stacks
|
| 942 |
|
|
|2 ddc
|c BK
|
| 952 |
|
|
|0 0
|1 0
|2 ddc
|4 0
|6 727_094100000000000_DUD
|7 0
|9 65472
|a BRACUL
|b BRACUL
|c GEN
|d 2019-05-09
|e Hye Trade International
|g 3088.00
|l 7
|m 44
|o 727.0941 DUD
|p 3010034686
|r 2026-01-21
|s 2025-10-12
|t 1
|v 3088.00
|w 2019-05-09
|y BK
|x Transferred from ARC to BRACUL on 28/12/2023
|